Datum a čas kvízu
20
Celkem bodů
Celkový počet nahraných bodů na tomto kvízu bez doplňovacích otázek.
10.
Pořadí na kvízu
Konečné umístění týmu na tomto kvízu.
Zaznamenané odpovědi
| # | Otázka | Odpověď | Body | Výsledky |
|---|---|---|---|---|
| 1. | Do ulic Brna minulý týden v no... | o kombajn | 1 | |
| 2. | V oregonském Portlandu se daří... | lama | 0 | |
| 3. | Bývalá pornostar se snaží získ... | Mia Khalifa | 1 | |
| 4. | V úterý oslavil sedmdesáté nar... | Steve Wozniak | 0 | |
| 5. | Na mítinku Diamantové ligy v M... | Joshua Cheptegei | 0 | |
| 6. | Nedávno jsme se zabývali různý... | Belgie, Francie, Nizozemsko | 0.5 | |
| 7. | Dne 24. července roku 1177 uza... | Fridrich I. Barbarossa (Rudovous) | 1 | |
| 8. | Dalším špičatým letopočtem v n... | Albrecht Dürer | 0 | |
| 9. | Dostáváme se do novověku, konk... | (von) Laudon | 1 | |
| 10. | Dne 30. dubna 1777 se narodil... | Carl Friedrich Gauss | 0 |